Cinéma français : les répliques sur les cons (Vol. II) - Statistiques

Statistiques générales
  • Ce quiz a été pris 48 fois
  • Le résultat moyen est 5 sur 16
Statistiques - réponses
Hint Réponse % Correct
Si j’connaissais l’con qui a fait sauter l’pont. On a retrouvé la Septième compagnie
79%
Prenez n'importe qui, un homme dans la foule, le plus anonyme possible. Celui que vous allez accueillir n'a aucune importance. C'est un prétexte. Ce qui compte, c'est que Milan morde à l'hameçon. Je peux vous dire précisément ce que vous allez chercher demain à l'aéroport, mon petit Perrache : un piège à cons. Le Grand blond avec une chaussure noire
65%
Ah écoutez, moi je n'aime pas être grossier mais là, il faut employer le mot : c'est un con ! Le Dîner de cons
58%
Alors ? Il dort le gros con ? Et ben y dormira encore mieux quand il aura pris ça dans la gueule ! Il entendra chanter les anges, le gugusse de Montauban ! J'vais l'renvoyer tout droit à la maison mère, au terminus des prétentieux. Les Tontons flingueurs
47%
Il faut mettre l'adjectif à la fin, pas au début. [...] On ne dit pas "Juif, vous avez l'air" mais "Vous avez l'air juif". Si je vous dis "Con, vous avez l'air", ce n'est pas français. C'est juste ! Mais, ce n'est pas français. L'As des as
35%
Est-ce qu'il était à mon procès, ce con-là ? Le Corps de mon ennemi
30%
Celui qui a des lunettes, c'est Rey. Le plus dangereux, c'est Rey. Le plus con, c'est Rey. L'autre, c'est Massard. Flic ou voyou
28%
[...] Pour moi Monsieur Éric avec ses costards tissés en Écosse à Roubaix, ses boutons de manchettes en simili et ses pompes à l'italienne fabriquées à Grenoble, et ben c'est rien qu'un demi-sel. Et là, je parle juste question présentation. Parce que si je voulais me lancer dans la psychanalyse, j'ajouterais que c'est le roi des cons. Le Cave se rebiffe
26%
Travailler chez les gens, ça ne serait rien si ces cons-là n'habitaient pas aussi loin les uns des autres. Elle boit pas, elle fume pas, elle drague pas, mais… elle cause
23%
Albert les Galoches, la terreur des Ardennes, le bonheur des dames, mon pote… l’empereur des cons… Le Pacha
21%
D'accord ! En clair, il est incroyablement con. Tais-toi
19%
Non, croyez un homme qui a fait ses humanités, un homme qui parle le grec et le latin, vous êtes tous des cons. Le Tonnerre de Dieu
16%
- Qu'est-ce qu'il a encore fait ?
- Le con !
Ne nous fâchons pas !
12%
Il voulait t'embêter. Personne ne t'embêtera. Et puis, je ne suis pas un sale gros con. L'Été en pente douce
9%
Mais l'homme de maintenant, dès qu'il sort de son bureau, c'est pour foncer devant son poste. Mais tout l'intéresse, ce con ! Tiens, pendant le tournoi des cinq nations, [...], tu vois encore un client le samedi soir dans la rue ? Et puis quand c'est pas le rugby, c'est le vélo… Quand c'est pas le vélo, c'est Longchamp. [...] Le micheton d'aujourd'hui, c'est plus avec nous autres qu'il s’envoie en l'air… C'est avec Couderc, Chapatte, et Zitrone. Un Idiot à Paris
7%
Quand on va passer le portail, essaie d'avoir l'air aussi con que nature ... Tu m'entends ? Naturel ! [...] N'oublie pas ce que je t'ai dit, naturel ! Là, tu forces. Tu fais sympa. Le Professionnel
5%
Aucun quiz correspondant
Distribution des résultats
% des personnes avec chaque résultat
Percentile par nombre de réponses
Votre historique - résultats
Vous n’avez pas pris ce quiz